Văn chương, thẩm mĩ và văn hóa
সংরক্ষণ করুন:
| প্রধান লেখক: | |
|---|---|
| বিন্যাস: | গ্রন্থ |
| ভাষা: | Vietnamese |
| প্রকাশিত: |
Hà Nội
Giáo Dục
2007
|
| বিষয়গুলি: | |
| ট্যাগগুলো: |
ট্যাগ যুক্ত করুন
কোনো ট্যাগ নেই, প্রথমজন হিসাবে ট্যাগ করুন!
|
| Thư viện lưu trữ: | Trung tâm Học liệu Lê Vũ Hùng, Trường Đại học Đồng Tháp |
|---|
| LEADER | 00804pam a22002778a 4500 | ||
|---|---|---|---|
| 001 | 00030894 | ||
| 005 | 20171026081025.0 | ||
| 008 | 130816s2007 ||||||viesd | ||
| 020 | |c 92000 | ||
| 041 | 0 | # | |a vie |
| 082 | 1 | 4 | |a 807 |b V115CH |
| 100 | 1 | # | |a Lê, Ngọc Trà |
| 245 | 1 | 0 | |a Văn chương, thẩm mĩ và văn hóa |c Lê Ngọc Trà |
| 260 | # | # | |a Hà Nội |b Giáo Dục |c 2007 |
| 300 | # | # | |a 493 tr. |c 24 cm. |
| 653 | # | # | |a Lí luận |
| 653 | # | # | |a Lịch sử |
| 653 | # | # | |a Văn học |
| 653 | # | # | |a Văn hóa |
| 653 | # | # | |a Nghiên cứu |
| 653 | # | # | |a Thẩn mĩ |
| 653 | # | # | |a Văn chương |
| 852 | # | # | |b Kho đọc |j KD.0014798 |
| 852 | # | # | |j KD.0014798 |
| 910 | |d 8/2013 | ||
| 980 | # | # | |a Trung tâm Học liệu Lê Vũ Hùng, Trường Đại học Đồng Tháp |